The Oxford dictionary of quotations / (Record no. 184428)

000 -LEADER
fixed length control field 00715 a2200229 4500
003 - CONTROL NUMBER IDENTIFIER
control field Nust
005 - DATE AND TIME OF LATEST TRANSACTION
control field 20240117142703.0
010 ## - LIBRARY OF CONGRESS CONTROL NUMBER
LC control number 92244553
020 ## - INTERNATIONAL STANDARD BOOK NUMBER
International Standard Book Number 0198661851 :
035 ## - SYSTEM CONTROL NUMBER
System control number (OCoLC)
040 ## - CATALOGING SOURCE
Transcribing agency Nust
082 00 - DEWEY DECIMAL CLASSIFICATION NUMBER
Classification number 082,OXF
245 04 - TITLE STATEMENT
Title The Oxford dictionary of quotations /
Statement of responsibility, etc. edited by Angela Partington.
250 ## - EDITION STATEMENT
Edition statement 4th ed.
260 ## - PUBLICATION, DISTRIBUTION, ETC.
Place of publication, distribution, etc. Oxford [England] ;
-- New York :
Name of publisher, distributor, etc. Oxford University Press,
Date of publication, distribution, etc. 1992.
300 ## - PHYSICAL DESCRIPTION
Extent xvi, 1061 p. ;
Dimensions 25 cm.
650 #0 - SUBJECT ADDED ENTRY--TOPICAL TERM
Topical term or geographic name entry element Quotations, English.
9 (RLIN) 13574
650 #0 - SUBJECT ADDED ENTRY--TOPICAL TERM
Topical term or geographic name entry element Quotations.
9 (RLIN) 94638
700 1# - ADDED ENTRY--PERSONAL NAME
Personal name Partington, Angela.
9 (RLIN) 119903
856 42 - ELECTRONIC LOCATION AND ACCESS
Materials specified Publisher description
Uniform Resource Identifier <a href="http://www.loc.gov/catdir/enhancements/fy0640/92244553-d.html">http://www.loc.gov/catdir/enhancements/fy0640/92244553-d.html</a>
942 ## - ADDED ENTRY ELEMENTS (KOHA)
Koha item type Reference
Source of classification or shelving scheme
Call number prefix 082,OXF
Holdings
Withdrawn status Lost status Source of classification or shelving scheme Damaged status Not for loan Permanent Location Current Location Shelving location Date acquired Full call number Barcode Date last seen Price effective from Koha item type Public note
          Military College of Signals (MCS) Military College of Signals (MCS) Reference 12/12/2016 082,OXF MCS1919 12/08/2016 12/12/2016 Book Almirah No.12, Shelf No.1
          Military College of Signals (MCS) Military College of Signals (MCS)   12/12/2016 808.82,OXF MCS698 12/08/2016 12/12/2016 Book Almirah No.12, Shelf No.2
© 2023 Central Library, National University of Sciences and Technology. All Rights Reserved.